The practice of diplomacy : (Record no. 14609)
[ view plain ]
| 000 -LEADER | |
|---|---|
| fixed length control field | 01327cam a22003134a 4500 |
| 001 - CONTROL NUMBER | |
| control field | 16157915 |
| 005 - DATE AND TIME OF LATEST TRANSACTION | |
| control field | 20170105102900.0 |
| 008 - FIXED-LENGTH DATA ELEMENTS--GENERAL INFORMATION | |
| fixed length control field | 100329s2011 enk b 001 0 eng |
| 010 ## - LIBRARY OF CONGRESS CONTROL NUMBER | |
| LC control number | 2010013606 |
| 020 ## - INTERNATIONAL STANDARD BOOK NUMBER | |
| International Standard Book Number | 9780415497640 (hardback) |
| 020 ## - INTERNATIONAL STANDARD BOOK NUMBER | |
| International Standard Book Number | 9780415497657 (pbk.) |
| 020 ## - INTERNATIONAL STANDARD BOOK NUMBER | |
| International Standard Book Number | 9780203841891 (ebook) |
| 040 ## - CATALOGING SOURCE | |
| Original cataloging agency | DLC |
| Transcribing agency | DLC |
| Modifying agency | DLC |
| 050 00 - LIBRARY OF CONGRESS CALL NUMBER | |
| Classification number | JZ1305 |
| Item number | .H365 2011 |
| 082 00 - DEWEY DECIMAL CLASSIFICATION NUMBER | |
| Classification number | 327.2 |
| Edition number | 22 |
| Author Mark | HAM 2011 |
| 100 1# - MAIN ENTRY--PERSONAL NAME | |
| Personal name | Hamilton, Keith, |
| Dates associated with a name | 1942- |
| 245 14 - TITLE STATEMENT | |
| Title | The practice of diplomacy : |
| Remainder of title | its evolution, theory, and administration / |
| Statement of responsibility, etc. | Keith Hamilton and Richard Langhorne. |
| 250 ## - EDITION STATEMENT | |
| Edition statement | 2nd ed. |
| 260 ## - PUBLICATION, DISTRIBUTION, ETC. | |
| Place of publication, distribution, etc. | London ; |
| -- | New York : |
| Name of publisher, distributor, etc. | Routledge, |
| Date of publication, distribution, etc. | c2011. |
| 300 ## - PHYSICAL DESCRIPTION | |
| Extent | ix, 317 p. : |
| Dimensions | 24cm. |
| 504 ## - BIBLIOGRAPHY, ETC. NOTE | |
| Bibliography, etc. note | Includes bibliographical references (p. [195]-302) and index. |
| 505 0# - FORMATTED CONTENTS NOTE | |
| Formatted contents note | From the beginnings until 1815 -- The old world -- The diplomacy of the Renaissance and the resident ambassador -- The emergence of the "old diplomacy" -- From 1815 to the present -- The "old diplomacy" -- The "new diplomacy" -- Total diplomacy -- Diplomacy diffused. |
| 650 #0 - SUBJECT ADDED ENTRY--TOPICAL TERM | |
| Topical term or geographic name entry element | Diplomacy. |
| 650 #0 - SUBJECT ADDED ENTRY--TOPICAL TERM | |
| Topical term or geographic name entry element | Diplomacy |
| General subdivision | History. |
| 700 1# - ADDED ENTRY--PERSONAL NAME | |
| Personal name | Langhorne, Richard, |
| Dates associated with a name | 1940- |
| 906 ## - LOCAL DATA ELEMENT F, LDF (RLIN) | |
| a | 7 |
| b | cbc |
| c | orignew |
| d | 1 |
| e | ecip |
| f | 20 |
| g | y-gencatlg |
| 942 ## - ADDED ENTRY ELEMENTS (KOHA) | |
| Source of classification or shelving scheme | |
| Koha item type | Book |
| Withdrawn status | Lost status | Damaged status | Not for loan | Collection code | Permanent Location | Current Location | Shelving location | Date acquired | Total Checkouts | Full call number | Barcode | Date last seen | Price effective from | Koha item type |
|---|---|---|---|---|---|---|---|---|---|---|---|---|---|---|
| Centre for International Peace & Stability (CIPS) | Centre for International Peace & Stability (CIPS) | General Stacks | 09/16/2013 | 327.2 HAM 2011 | CIPS0001098 | 10/10/2013 | 10/10/2013 | Book |
